| 000 | 00730nam a22001817a 4500 | ||
|---|---|---|---|
| 005 | 2012070200410.0 | ||
| 020 |
_c490.00 _a9788174822260 |
||
| 245 | _aउपकार एन.डी.ए.परीक्षा; | ||
| 260 |
_aआगरा _bउपकार प्रकाशन _c2012 |
||
| 270 |
_a2/11 ए, स्वदेशी बीमा नगर(शाह सिनेमा के सामने) _e282002 _k2530966 _bआगरा |
||
| 300 |
_aवि पृ. _c24सेंमीं (अजिल्द) |
||
| 490 |
_a _949847 |
||
| 700 | _949816 | ||
| 710 | _949817 | ||
| 942 |
_2ddc _cHN _mउपका |
||
| 999 |
_c68314 _d68314 |
||